ბათუმის შოთა რუსთაველის სახელმწიფო უნივერსიტეტის ბიბლიოთეკა

Сборник типовых инструкции по охране труда. (ბიბ.ჩანაწერი № 39304)

000 -LEADER
fixed length control field 00692nam a2200193Ia 4500
001 - CONTROL NUMBER
control field 5890
003 - CONTROL NUMBER IDENTIFIER
control field GE_BSU
008 - FIXED-LENGTH DATA ELEMENTS--GENERAL INFORMATION
fixed length control field 181216s||||||||xx |||||||||||||| ||und||
040 ## - CATALOGING SOURCE
Transcribing agency GE_BSU
245 ## - TITLE STATEMENT
Title Сборник типовых инструкции по охране труда.
245 ## - TITLE STATEMENT
Statement of responsibility, etc. Сост.: В.Л.Михаилова, З.П.жданова, И.П.Пуляев. Ред. Г.Ф.Зантова.
250 ## - EDITION STATEMENT
Edition statement Изд. вторе, перераб.
260 ## - PUBLICATION, DISTRIBUTION, ETC.
Place of publication, distribution, etc. М.
260 ## - PUBLICATION, DISTRIBUTION, ETC.
Name of publisher, distributor, etc. Машиностроение.
260 ## - PUBLICATION, DISTRIBUTION, ETC.
Date of publication, distribution, etc. 1978.
300 ## - PHYSICAL DESCRIPTION
Extent 576 стр. 22 см. силл.
653 ## - INDEX TERM--UNCONTROLLED
Uncontrolled term Сборник типовых инструкции по охране труда.
942 ## - ADDED ENTRY ELEMENTS (KOHA)
Koha item type წიგნი
ეგზემპლარები
Withdrawn status Lost status Damaged status Not for loan Date acquired Barcode Date last seen Price effective from Koha item type
        2018-12-17 9864 2018-12-17 2018-12-17 წიგნი